书目信息 |
| 题名: |
电解法制镁
|
|
| 作者: | 斯特雷列茨 著 ;韩薇 译 | |
| 分册: | ||
| 出版信息: | 北京 冶金工业出版社 1981 |
|
| 页数: | 373页 | |
| 开本: | 21cm | |
| 丛书名: | ||
| 单 册: | ||
| 中图分类: | TF111.52 | |
| 科图分类: | ||
| 主题词: | 电解冶金-镁 , 镁-电解冶金 , 提取冶金 , 化学冶金 | |
| 电子资源: | ||
| ISBN: | ||
| 000 | 00737nam0 2200277 45 | |
| 001 | 0181000306 | |
| 005 | 20061126151500.17 | |
| 010 | @dCNY1.50 | |
| 091 | @a15062.3708 | |
| 100 | @a19950615d1981 em y0chiy0121 ea | |
| 101 | 1 | @achi@crus |
| 102 | @aCN@b110000 | |
| 105 | @ay z 000yy | |
| 200 | 10 | @a电解法制镁@Adian jie fa zhi mei@f(苏)Х.Л.斯特雷列茨著@g韩薇等译 |
| 210 | @a北京@c冶金工业出版社@d1981 | |
| 215 | @a373页@d21cm | |
| 606 | @a电解冶金-镁 | |
| 606 | @a镁-电解冶金 | |
| 606 | 0 | @a提取冶金 |
| 606 | 0 | @a化学冶金 |
| 690 | @aTF111.52@v3 | |
| 701 | 1 | @a斯特雷列茨@Asi te lei lie ci@bХ.Л.@4著 |
| 702 | 0 | @a韩薇@Ahan wei@4译 |
| 801 | 2 | @aCN@bNLC@c20061126 |
| 801 | 0 | @aCN@bTSSF |
| 905 | @a10447@dTF111.52@e4 | |
| 电解法制镁/(苏)Х.Л.斯特雷列茨著/韩薇等译.-北京:冶金工业出版社,1981 |
| 373页;21cm |
| ISBN :CNY1.50 |
| ● |
| 相关链接 |
|
|
|
|
正题名:电解法制镁
索取号:TF111.52/4
 
预约/预借
| 序号 | 登录号 | 条形码 | 馆藏地/架位号 | 状态 | 备注 |
| 1 | 0055221 | 001361822 | 第二样本阅览室/ [索取号:TF111.52/4] | 在馆 |